Gobernabilidad democrática modernización del estado y participación ciudadana /
Na minha lista:
| Autor principal: | |
|---|---|
| Formato: | Texto |
| Assuntos: | |
| Tags: |
Adicionar Tag
Sem tags, seja o primeiro a adicionar uma tag!
|
MARC
| LEADER | 00000 a a2200000 04500 | ||
|---|---|---|---|
| 001 | 45502 | ||
| 003 | |||
| 040 | |||
| 090 | |a REV0780 (36)1998 | ||
| 100 | |a Mack, Luis Fernando | ||
| 245 | |a Gobernabilidad democrática modernización del estado y participación ciudadana / |c Luis Fernando Mack | ||
| 650 | |a GOBERNABILIDAD | ||
| 650 | |a PARTICIPACION POLITICA | ||
| 650 | |a DEMOCRACIA | ||
| 650 | |a MODERNIZACION | ||
| 650 | |a PARTICIPACION SOCIAL | ||
| 650 | |a DESCENTRALIZACION | ||
| 773 | |g número36, IV Epoca (1998), páginas 45-65 | ||
| 999 | |c 35450 |d 35450 | ||
